| 000 | 04625nam a22004697a 4500 | ||
|---|---|---|---|
| 005 | 20080528125322.0 | ||
| 008 | 080528t xxu||||| |||| 00| 0 eng d | ||
| 010 | _aENG-90220 B-307952-966 | ||
| 020 |
_a818382160X _c125.00 |
||
| 020 |
_a9788183821605 _c125.00 |
||
| 035 | _aEN-73753 | ||
| 035 | _a B-307952-966 | ||
| 035 | _aB-359162 | ||
| 037 | _bDBAD / PUB | ||
| 040 |
_aDPL _bEN |
||
| 082 | _a615.822 | ||
| 100 | _aSharma, Rajeev | ||
| 245 |
_aA guide to massage therapy: _b(including water therapy) / _cby Rajeev Sharma |
||
| 260 |
_aNew Delhi _bLotusPress _c2008 |
||
| 270 |
_a4263/3, Ansari Road , Darya Ganj _bNew Delhi _e110002 _k32903912,23280047,9811594448 _mlotus_press@sify.com |
||
| 300 |
_avii, 180p. : _bill. _c22cm(pbk) |
||
| 942 |
_2ddc _cEN _h615.822 _mSHA |
||
| 999 |
_c13077 _d13077 |
||